000 00683nam a2200241 a 4500
001 BRCA_7108
005 20190321142933.0
008 281211s1900----gw-a######---#000-0#ger-#
041 _ager
044 _agw
050 4 _b.S36 1900
100 1 _aSchönthan, Paul von
_d1853-1905
_917671
245 1 0 _aEnfant terrible
_cvon Paul von Schönthan ; illustriert von Carl Bopf
260 _aSttugart, Alemania
_bCarl Krabbe
_c[19--?]
300 _a152 p.
_bil.
_c21 cm.
440 0 _aCoupé für Nichtraucher
_v2
_917672
500 _aEjemplar intonso
500 _aO123
650 1 4 _aLiteratura Alemana
_96160
700 1 _aBopf, Carl
_eil.
_917673
902 _aGFM
942 _2lcc
_cB
999 _c6789
_d6789